UBT Library

Teaching student-centered mathematics. (Record no. 43835)

000 -LEADER
fixed length control field 00940cam a22002774a 4500
001 - CONTROL NUMBER
control field 13884571
005 - DATE AND TIME OF LATEST TRANSACTION
control field 20180301072603.0
008 - FIXED-LENGTH DATA ELEMENTS--GENERAL INFORMATION
fixed length control field 050228s2006 maua j b 001 0 eng
010 ## - LIBRARY OF CONGRESS CONTROL NUMBER
LC control number 2005042917
020 ## - INTERNATIONAL STANDARD BOOK NUMBER
International Standard Book Number 0205417973
035 ## - SYSTEM CONTROL NUMBER
System control number (OCoLC)ocm58451960
040 ## - CATALOGING SOURCE
Original cataloging agency DLC
Transcribing agency DLC
Modifying agency YDX
-- BAKER
-- JP3
-- DLC
041 ## - LANGUAGE CODE
Language code of text/sound track or separate title eng
042 ## - AUTHENTICATION CODE
Authentication code pcc
043 ## - GEOGRAPHIC AREA CODE
Geographic area code n-us---
080 ## - UNIVERSAL DECIMAL CLASSIFICATION NUMBER
Universal Decimal Classification number 372.7 JOH
082 00 - DEWEY DECIMAL CLASSIFICATION NUMBER
Classification number 372.7 JOH
Edition number 22
100 1# - Rafti
Rafti 25
101 ## - Shkurtesa
Shkurtesa EDU
245 10 - TITLE STATEMENT
Title Teaching student-centered mathematics.
Name of part/section of a work Grades 5-8 /
Statement of responsibility, etc John A. Van de Walle, LouAnn H. Lovin.
504 ## - BIBLIOGRAPHY, ETC. NOTE
Bibliography, etc Includes bibliographical references (p. 368-371) and index.
800 1# - SERIES ADDED ENTRY--PERSONAL NAME
Personal name Van de Walle, John A.
Title of a work Van de Walle professional mathematics series ;
Volume/sequential designation v. 3.
906 ## - LOCAL DATA ELEMENT F, LDF (RLIN)
a 7
b cbc
c orignew
d 1
e ocip
f 20
g y-gencatlg
942 ## - ADDED ENTRY ELEMENTS (KOHA)
Source of classification or shelving scheme
Item type Books
Holdings
Withdrawn status Lost status Source of classification or shelving scheme Damaged status Not for loan Collection code Permanent location Current location Shelving location Date acquired Total Checkouts Full call number Barcode Date last seen Price effective from Koha item type
          Koleksioni i përgjithshem UBT - Lipjan UBT - Lipjan Koleksioni i përgjithshem 03/01/2018   372.7 JOH 002-3000303 03/01/2018 03/01/2018 Books
UBT Library © 2015-2024. All rights reserved University Education for Business and Technology